| 000 | 01201nam a22003617a 4500 | ||
|---|---|---|---|
| 003 | CHAP | ||
| 005 | 20220329135436.0 | ||
| 008 | 971013s1977 r 00010 d | ||
| 010 | _a36557 | ||
| 011 | _a37529 | ||
| 035 | _a41649 | ||
| 040 | _cCHAP | ||
| 090 | _aFolleto 3961 | ||
| 100 | 0 | 0 |
_aOrtega Gil, Enrique. _983802 |
| 245 | _aDisponibilidad de agua superficial | ||
| 260 |
_a(México, D. F.) : _bComisión del Plan Nacional Hidráulico, _c(1977) |
||
| 300 |
_a21 p. _b: ilus. mapa |
||
| 490 |
_aDocumentación _v; 5 |
||
| 590 |
_aBATCH-UPD _b10 _c20130109 _lUCH01 _h2308 |
||
| 590 |
_aBATCH-UPD _b10 _c20130110 _lUCH01 _h1302 |
||
| 590 |
_aBATCH-UPD _b10 _c20130410 _lUCH01 _h0820 |
||
| 590 |
_aBATCH-UPD _b10 _c20130914 _lUCH01 _h1050 |
||
| 590 |
_aCONVERSION _b10 _c20130109 _lUCH01 _h1320 |
||
| 650 | 1 | 4 |
_aAgua _xDistribucion. _92366 |
| 650 | 1 | 4 |
_aCorrientes de agua _xMedición. _928261 |
| 650 | 1 | 4 |
_aEscurrimiento. _937675 |
| 830 |
_aDocumentación _v; 5 _933173 |
||
| 901 | _aBK | ||
| 942 | _cFOLL | ||
| 949 |
_aFolleto 3961 _bBC _cFOLL _d-95622 _eTS1 _i41649 _si |
||
| 949 |
_aFolleto 3961 _bBC _cFOLL _d-95623 _eTS2 _fc.2 _i41649 _si |
||
| 949 |
_aFolleto 3961 _bBC _cFOLL _d-95628 _eTS2 _fc.3 _i41649 _si |
||
| 999 |
_c36557 _d36557 |
||